00507nam a2200169Ia 4500008004100000040001900041041001200060082002300072100002600095245004700121260003400168300001700202504001900219650006700238651001400305850001800319131103s9999 xx 000 0 und d aLoreto College aEnglish a920TAGbLCBED/4150 aTagore, Rathindranath aOn the edges of timecRathindranath Tagore aBombaybOrient Longmansc1958 a191p c 22cm aIncludes index aTagore, Rabindranath, 1861-1941 - Criticism and Interpretation aBiography aLCBED/920/TAG